| 000 | 01257nam0a22003131 4500 | ||
|---|---|---|---|
| 001 | RU\NLR\BIBL_A\022698542 | ||
| 005 | 20260118001637.0 | ||
| 010 | _95000 | ||
| 035 | _a(NLR Aleph) 022698542 | ||
| 035 | _a(RuMoRGB)005342055 | ||
| 035 | _a(RuMoELAR)1917-45-00463474 | ||
| 090 |
_a89002 _c89002 |
||
| 100 | _a20260112d1945 u y0rusy50 ca | ||
| 101 | 0 | _arus | |
| 102 | _aRU | ||
| 105 | _aa|||||||||||| | ||
| 181 | 0 |
_ai _baxxe |
|
| 182 | 0 | _an | |
| 200 | 1 |
_aГипс и гипсовые изделия _fИнж. С. С. Печуро _gГлав. упр. строит. техники Ком-та по делам архитектуры при СНК СССР |
|
| 203 |
_aТекст _bвизуальный _cнепосредственный |
||
| 210 |
_aМосква _cГос. архитект. изд-во _d1945 _gтип. ВПШ и тип. Упр. делами СНК СССР |
||
| 215 |
_a167 с. _cил., черт. _d22 см |
||
| 320 | _aБиблиогр.: "Перечень лит-ры", стр. 164-65 (35 назв.) | ||
| 700 | 1 |
_aПечуро _bС. С. _gСоломон Саулович |
|
| 852 |
_aNLR _jТ80 Г-5/112 |
||
| 942 | _cBOOK | ||
| 945 | _aРоссийская национальная библиотека | ||
| 980 | _aBV | ||